Statistics for U.S. Cities With A Men's Roller Derby Team

Click here to take the quiz!

General Stats

  • This quiz has been taken 4 times
  • The average score is 6 of 10

Answer Stats

CityYear% Correct
New York City2006
100%
Baltimore2007
67%
Cincinnati---
67%
Milwaukee2009
67%
New Orleans1997
67%
Portland2009
67%
Seattle2007
67%
St. Louis2009
67%
Des Moines2010
33%
Green Bay2010
0%

Score Distribution

Percentile by Number Answered

Percent of People with Each Score

Your Score History

You have not taken this quiz